00794nam a2200169 a 450000100100000000500170001000800410002704000250006808200150009310000270010824500470013526000520018230000220023495201740025695201770043099900170060700003289220200930065909.0110801m19321935dr 000 0 spa d aDO-SdBNPbspacBNPHU axxxbH632n1 aHidalgo, Gladio95866114aLos nocturnos del acaso /cGladio Hidalgo. aSanto Domingo :bImprenta Femina,c1932-c1935. a[42 p.] ;c18 cm. 001050718RVaPDbPDcCTd2011-08-01iLF1l0oxxx H632np32892-10r2020-06-25w2020-06-25y1zPerteneció a la biblioteca personal de Julio Ortega FrierZNo se presta 001050718RVaPDbPDcCTd2011-08-01iLF1l0oxxx H632np32892-20r2020-06-25te. 2w2020-06-25y1zPerteneció a la biblioteca personal de Martínez BoogZNo se presta c32383d32383